US States alphabetically - Whammies - Statistics

General Stats
  • This quiz has been taken 101 times
  • The average score is 25 of 50
Answers on the Map
Answers color-coded by a green-red scale on the quiz's map according to % correct below.
 
Answer Stats
Answer % Correct
Alabama
100%
Alaska
95%
Arizona
89%
Arkansas
89%
California
79%
Colorado
74%
Delaware
68%
Connecticut
66%
Florida
66%
Georgia
66%
Hawaii
66%
Idaho
63%
Illinois
63%
Indiana
63%
Iowa
61%
Kansas
55%
Kentucky
55%
Louisiana
55%
Maine
50%
Maryland
47%
Massachusetts
47%
Michigan
47%
Minnesota
47%
Mississippi
45%
Missouri
45%
Montana
45%
Nebraska
42%
Nevada
42%
New Hampshire
42%
New Jersey
42%
New Mexico
42%
New York
42%
Vermont
39%
West Virginia
39%
Wisconsin
39%
Wyoming
39%
North Carolina
37%
North Dakota
37%
Ohio
37%
Virginia
37%
Washington
37%
Oklahoma
34%
Oregon
34%
Pennsylvania
34%
Rhode Island
34%
South Carolina
34%
South Dakota
34%
Utah
34%
Tennessee
32%
Texas
32%
No matching quizzes found
Score Distribution
Percent of People with Each Score
Percentile by Number Answered
Your Score History
You have not taken this quiz